Megálmodtam világunkat

Bibliographic Details
Main Author: Dömény, Andrea, 1982- (Author)
Other Authors: Mayer, Éva, 1983- (Illustrator)
Format: Article
Language:Hungarian
Slovak
PhysicalDescription:Obr.
ISSN:1335-938X
Subjects:

MARC

LEADER 00000nab a2200000 a 4500
001 vtls000867307
003 SK-MaSNL
005 20260302161512.0
008 160314c2004 xo 0 hun
015 |a SNBRB2004/03-10221 
035 |a CLN000218859 
040 |a SNKBUCL  |b slo  |c SNKBUCL  |e AACR2 
041 0 |a slo 
044 |a xo  |c SK 
080 |a 821.511.141 (437.6)-32=511.141  |2 UDC-MRF-SK2 
100 1 |a Dömény, Andrea,  |d 1982-  |4 aut  |9 645045 
245 1 0 |a Megálmodtam világunkat  |c Dömény Andrea ; illusztrálta Mayer Éva 
300 |b Obr. 
650 0 7 |a psychologické poviedky, maďarské  |2 snkbucl  |9 71096 
655 7 |a články z novín a časopisov  |2 snkbucl  |9 267496 
700 1 |a Mayer, Éva,  |d 1983-  |4 ill  |9 553121 
773 0 |x 1335-938X  |t Új nő  |g Č. 2 (2004), s. 58-59 
850 |a Slovenská národná knižnica v Martine 
852 |a SNK  |b KIS3GCP 
958 |a HU 
958 |a SK 
958 |a LX 
999 |c 1377549  |d 1379479